000
00206 a2200097 4500
001
20109
100
_a
Khan S A
245
_a
Essays on the life of Muhammad
260
_a
_b
P B S
_c
090
_c
14703
_d
14703
942
_a
NUST-CAE
_c
M
_c
5229
999
_c
255182
_d
255182